LEADER 01205nam a2200289 u 4500 001 000000066803 003 CaOOAMICUS 005 20070226121621.0 008 020124s1970 it u000 u ita u 035 $a10917852 040 $aPUL(R)$bita 041 1 $aita$heng 100 1 $aToulmin, Stephen Edelston.$0(OLS)http://pul/name/44686 240 10$aExamination of the place of reason in ethics.$lItaliano.$0(OLS)http://pul/title/88666 245 10$aRagione e etica :$bun esame del posto della ragione nell'etica /$cStephen Toulmin. 260 $aRoma :$bUbaldini,$c1970. 300 $a245 p. ;$c22 cm 490 1 $aCollana di filosofia ed epistemologia 504 $aBibliografia in nota. 650 4$aEtica.$0(OLS)http://pul/subject/547 830 0$aCollana di filosofia ed epistemologia.$0(OLS)http://pul/title/88668 850 $aPUL 852 $aPUL$W1$xSL Filosofia 1$y2$m96 H 139$j86397$nBK-PRI$b $qStampati$B86397$CPULBib$Z2$F86397 $H $81 941 1 $a8 961 $aINV: 70109 996 $6245$aRagione e etica :$bun esame del posto della ragione nell'etica$9(OLS)http://pul/title/88667 996 $6260$aRoma :$bUbaldini$9(OLS)http://pul/publisher/60242 LEADER 01242nam a2200313 a 4500 001 000000121765 003 CaOOAMICUS 005 20100514163523.0 008 100514t2010 it fa u000 u ita r 020 $a978-88-315-3757-5 040 $aPUL$bita$dReb 082 04$a232 100 1 $aZaccone, Gian Maria.$0(OLS)http://pul/name/73601 245 13$aLa Sindone :$bstoria di una immagine /$cGian Maria Zaccone. 260 $aMilano :$bPaoline,$cİ2010. 300 $a300 p., [8] c. di tav. :$bill. ;$c21 cm. 490 1 $aLibroteca paoline ;$v109 504 $aBibliografia: p. 283-297. 650 4$aSanta Sindone.$0(OLS)http://pul/subject/14358 830 0$aLibroteca paoline ;$v109.$0(OLS)http://pul/title/65631 850 $aPUL 852 $aPUL$W1$xSL Religione 3$y85$m232 ZACGI 1$j139752$qDDC 21$B138946$CPULBib$Z2$F138946 $H113750 $82 941 1 $a9 960 $aSacra Sindone$914358 960 $aSindonologia$914358 996 $6020$a978-88-315-3757-5$9(OLS)http://pul/number/144223 996 $6082$a232$9(OLS)http://pul/classification/381 996 $6245$aLa Sindone :$bstoria di una immagine$9(OLS)http://pul/title/153196 996 $6260$aMilano :$bPaoline$9(OLS)http://pul/publisher/60808